Softvérová podpora k laboratórnej úlohe Určenie kritickej micelárnej koncentrácie
Na minha lista:
| Autor principal: | |
|---|---|
| Outros Autores: | |
| Formato: | Manuscrito Livro |
| Idioma: | eslovaco |
| Publicado em: |
Bratislava :
STU v Bratislave FEI,
2025
|
| Assuntos: | |
| Acesso em linha: | https://opac.crzp.sk/?fn=detailBiblioFormChildYGCAQ&sid=8D80AD18777FCC7F6BB2B04DC29E&seo=CRZP-detail-kniha |
| Tags: |
Sem tags, seja o primeiro a adicionar uma tag!
|
MARC
| LEADER | 00000ntm a22000003a 4500 | ||
|---|---|---|---|
| 001 | stuzp102568 | ||
| 003 | SK-STU | ||
| 005 | 20251105110748.2 | ||
| 007 | ta | ||
| 008 | 150427s2015----xo-----f-mn---000-0-slo-d | ||
| 040 | |a STU |b slo | ||
| 041 | 0 | |a slo | |
| 044 | |a xo | ||
| 100 | 1 | |a Blažek, Alen |u 036000 |4 aut |U FEI Fakulta elektrotechniky a informatiky |T FEI Ústav jadrového a fyzikálneho inžinierstva |X 112319 |U E060 |Y 817 |7 112319 | |
| 242 | 0 | 1 | |a Software support for laboratory exercise Determination of critical micellar concentration |y eng |
| 245 | 1 | 0 | |a Softvérová podpora k laboratórnej úlohe Určenie kritickej micelárnej koncentrácie |
| 260 | |a Bratislava : |b STU v Bratislave FEI, |c 2025 | ||
| 300 | |a 53 s. | ||
| 650 | 4 | |a kritická micelárna koncentrácia |2 slo | |
| 650 | 4 | |a povrchové napätie |2 slo | |
| 650 | 4 | |a LabVIEW |2 slo | |
| 650 | 4 | |a critical micelle concentration |2 eng | |
| 650 | 4 | |a surface tension |2 eng | |
| 650 | 4 | |a LabVIEW |2 eng | |
| 700 | 1 | |a Kotorová, Soňa |u 036000 |k Z1 |4 ths |U FEI Fakulta elektrotechniky a informatiky |T FEI Ústav jadrového a fyzikálneho inžinierstva |X 81998 |U E060 |Y 817 |7 81998 | |
| 856 | 4 | |u https://opac.crzp.sk/?fn=detailBiblioFormChildYGCAQ&sid=8D80AD18777FCC7F6BB2B04DC29E&seo=CRZP-detail-kniha | |